000 00332nam a2200121 a 4500
005 20140414093836.0
008 030611s19uu xx 00 eng d
050 _aCDR 415
_bMUL 1995
245 _aMultimedia middle school grammar.
650 _aGrammar
_xSecondary education
_xInteractive videos.
942 _cAVM
999 _c109032
_d109032